| 000 | 00789nam a22002537a 4500 | ||
|---|---|---|---|
| 999 |
_c7671 _d7671 |
||
| 001 | 8801 | ||
| 003 | BD-DhUAP | ||
| 005 | 20210128104457.0 | ||
| 008 | 210128s1872 ii ||||| v||| 001 0 eng d | ||
| 040 |
_aBD-DhUAP _bEng _cBD-DhUAP _dBD-DhUAP |
||
| 082 |
_223 _a346.54022 JHA |
||
| 100 |
_aJhabvala, Noshirvan H. _936370 |
||
| 245 |
_aThe law of contracts : _b(the Indian Contract Act, 1872) / _cNoshirvan H. Jhabvala. |
||
| 250 | _a27th ed. | ||
| 260 |
_aMumbai : _bJamnadas, _c1872. |
||
| 300 |
_a248 pages ; _c24 cm. |
||
| 500 | _aIncludes index. | ||
| 526 | _aSOL | ||
| 650 |
_aContracts _zIndia. _936371 |
||
| 651 |
_aIndia _yIndian Contract Act, 1872. _936373 |
||
| 942 |
_2ddc _cBK |
||